|
|
|
|
| LEADER |
01878nam a2200457 a 4500 |
| 001 |
EBC3020735 |
| 003 |
MiAaPQ |
| 005 |
20200520144314.0 |
| 006 |
m o d | |
| 007 |
cr cn||||||||| |
| 008 |
100618s2010 nyuab sb 001 0 eng d |
| 010 |
|
|
|z 2010025400
|
| 020 |
|
|
|z 9781617285103 (hbk.)
|
| 020 |
|
|
|a 9781617287183 (electronic bk.)
|
| 035 |
|
|
|a (MiAaPQ)EBC3020735
|
| 035 |
|
|
|a (Au-PeEL)EBL3020735
|
| 035 |
|
|
|a (CaPaEBR)ebr10680873
|
| 035 |
|
|
|a (OCoLC)722305483
|
| 040 |
|
|
|a MiAaPQ
|c MiAaPQ
|d MiAaPQ
|
| 043 |
|
|
|a n-us---
|a n-mx---
|
| 050 |
|
4 |
|a HV5825
|b .M378 2010
|
| 082 |
0 |
4 |
|a 363.450973
|2 22
|
| 245 |
0 |
4 |
|a The Merida Initiative
|h [electronic resource] :
|b U.S. counterdrug and anticrime assistance for Mexico /
|c Isabella A. Vaughne, editor.
|
| 260 |
|
|
|a New York :
|b Nova Science Publishers,
|c c2010.
|
| 300 |
|
|
|a x, 170 p. :
|b ill., map.
|
| 490 |
1 |
|
|a Latin American political, economic, and security issues
|
| 504 |
|
|
|a Includes bibliographical references and index.
|
| 533 |
|
|
|a Electronic reproduction. Ann Arbor, MI : ProQuest, 2015. Available via World Wide Web. Access may be limited to ProQuest affiliated libraries.
|
| 650 |
|
0 |
|a Drug control
|z United States
|x Finance.
|
| 650 |
|
0 |
|a Drug control
|z Mexico
|x Finance.
|
| 650 |
|
0 |
|a Drug traffic
|z United States
|x Prevention
|x Finance.
|
| 650 |
|
0 |
|a Drug traffic
|z Mexico
|x Prevention
|x Finance.
|
| 650 |
|
0 |
|a Crime prevention
|z United States
|x Finance.
|
| 650 |
|
0 |
|a Crime prevention
|z Mexico
|x Finance.
|
| 651 |
|
0 |
|a United States
|x Foreign relations
|z Mexico.
|
| 651 |
|
0 |
|a Mexico
|x Foreign relations
|z United States.
|
| 655 |
|
4 |
|a Electronic books.
|
| 700 |
1 |
|
|a Vaughne, Isabella A.
|
| 710 |
2 |
|
|a ProQuest (Firm)
|
| 830 |
|
0 |
|a Latin American political, economic, and security issues.
|
| 856 |
4 |
0 |
|u https://ebookcentral.proquest.com/lib/matrademy/detail.action?docID=3020735
|z Click to View
|